Dino match "click quiz" - Statistics

General Stats
  • This quiz has been taken 9 times
  • The average score is 11 of 27
Answer Stats
Hint Answer % Correct
A long-necked sauropod that held its head high, possibly to feed from tall trees. Brachiosaurus
86%
Known as the “tyrant lizard king,” it had the strongest bite force of any land animal. Tyrannosaurus Rex
86%
This dinosaur had a heavily armored body and a tail club for defense. Ankylosaurus
71%
This dinosaur had a thick, domed skull possibly used for head-butting rivals. Pachycephalosaurus
71%
This dinosaur had a sail-like structure on its back and may have been semi-aquatic. Spinosaurus
71%
This dinosaur had a long neck and tail, but a relatively short body and small head. Apatosaurus
57%
Known for its long, stiff tail and bird-like features, it’s considered a transitional fossil. Archaeopteryx
57%
This ceratopsid had three facial horns and a large frill for display or defense. Triceratops
57%
A fast, feathered predator, it likely hunted in packs and had a sickle-shaped toe claw. Velociraptor
57%
This herbivore had a beak-like mouth and could walk on two or four legs. Iguannodon
43%
A duck-billed dinosaur with a long, backward-curving crest used for vocalization. Parasaurolophus
43%
A small herbivore with a parrot-like beak and no teeth. Psittacosaurus
43%
A dome-headed dinosaur with spikes on its nose and behind its eyes. Stygimoloch
43%
Known for its massive claws, this theropod may have been more herbivore than predator. Therizinosaurus
43%
This predator had long arms and claws, and may have hunted fish. Baryonyx
29%
This predator had a deep skull and short arms, and lived in South America. Carnotaurus
29%
This dinosaur had a single horn on its nose and was a close relative of Triceratops. Centrosaurus
29%
A ceratopsid with a frill that had large openings and long brow horns. Chasmosaurus
29%
This massive sauropod had a whip-like tail and may have used it for defense or sound. Diplodocus
29%
This dinosaur had a wide, flat snout and was one of the largest hadrosaurs. Edmontosaurus
29%
This armored dinosaur had shoulder spikes and a narrow snout. Sauropelta
29%
Its name means “roof lizard,” and it had large plates along its back. Stegosaurus
29%
A theropod with a long, narrow skull and crocodile-like jaws. Suchomimus
29%
A fast-running theropod with long legs and hollow bones, often found in fossil beds. Coelophysis
14%
vA small, feathered dinosaur from China with four wings used for gliding. Microraptor
14%
This herbivore had a sail-like back and lived in what is now Europe. Ouranosaurus
14%
A small, bipedal herbivore with a beak and stiff tail, often found in Mongolia. Protoceratops
14%
No matching quizzes found
Score Distribution
Percent of People with Each Score
Percentile by Number Answered
Your Score History
You have not taken this quiz